The state of the market (Record no. 84048)
[ view plain ]
| 000 -LEADER | |
|---|---|
| fixed length control field | 01034cab a22001935a 4500 |
| 001 - CONTROL NUMBER | |
| control field | L156516 |
| 008 - FIXED-LENGTH DATA ELEMENTS--GENERAL INFORMATION | |
| fixed length control field | 120530s2012 xxk 000 0 eng d |
| 035 ## - SYSTEM CONTROL NUMBER | |
| System control number | (Sirsi) u156516 |
| 041 0# - LANGUAGE CODE | |
| Language code of text/sound track or separate title | eng |
| 100 1# - MAIN ENTRY--PERSONAL NAME | |
| Personal name | Patterson, Alan S. |
| 245 04 - TITLE STATEMENT | |
| Title | The state of the market |
| 260 ## - PUBLICATION, DISTRIBUTION, ETC. | |
| Date of publication, distribution, etc. | 2012 |
| 490 #0 - SERIES STATEMENT | |
| Series statement | Sustainablebuilding inc Propertyforecast |
| Volume/sequential designation | (65) May 2012, 14-17(4) |
| 520 ## - SUMMARY, ETC. | |
| Summary, etc. | Discusses what can be expected from the property equities market. The largest differences between quoted property equities and the direct property market are not in the investments themselves but in the markets in which they are traded. Examines markets at both the pan-European and country-specific levels. The UK displays the widest gap between property and property equity markets in Europe. There is some evidence of divergence between property indices and property equities markets. Figures cover European all property v relative real estate equities. |
| 590 ## - LOCAL NOTE (RLIN) | |
| Local note | KA |
| 651 #4 - SUBJECT ADDED ENTRY--GEOGRAPHIC NAME | |
| Geographic name | Europe |
| 690 ## - LOCAL SUBJECT ADDED ENTRY--TOPICAL TERM (OCLC, RLIN) | |
| Topical term or geographic name as entry element | Commercial property |
| 9 (RLIN) | 6227 |
| 942 ## - ADDED ENTRY ELEMENTS (KOHA) | |
| Suppress in OPAC | 0 |
| Withdrawn status | Lost status | Source of classification or shelving scheme | Damaged status | Not for loan | Home library | Current library | Shelving location | Date acquired | Total Checkouts | Full call number | Barcode | Date last seen | Copy number | Price effective from | Koha item type |
|---|---|---|---|---|---|---|---|---|---|---|---|---|---|---|---|
| Dewey Decimal Classification | London | London | Journal article | 30/05/2012 | L156516 | 156516-1001 | 06/08/2019 | 1 | 06/08/2019 | Journal article |